000 00403nam a2200181Ia 4500
001 1155
005 20260306140611.0
008 260306t1997||||xx |||||||||||||| ||spa||
041 _aESP
082 _a185
_bA72P 1997
100 _aAristóteles
_eAUT
245 0 _aLa política
260 _c1997
300 _a246 páginas :
_c17 cm.
650 _aGEN
654 _aCHU
942 _cLIB
_dJUS
_fJUS
_2ddc
_n
999 _c1155
_d1155